Regioni in Serie A - Morte improvvisa - Statistics

Statistiche generali
  • Questo quiz è stato fatto 265 volte
  • Il punteggio medio è 14 su 16
Answers on the Grid
Answers color-coded by a green-red scale on the quiz's grid according to % correct below.
Lombardia
Emilia-Romagna
Toscana
Piemonte
Veneto
Liguria
Campania
Lazio
Puglia
Sicilia
Calabria
Friuli-Venezia Giulia
Marche
Umbria
Sardegna
Abruzzo
Basilicata
Molise
Trentino-Alto Adige
Valle d'Aosta
 
Statistiche sulle risposte
Risposta % Corretto
Emilia-Romagna
94%
Lombardia
94%
Lazio
92%
Piemonte
92%
Sardegna
92%
Campania
91%
Toscana
91%
Veneto
91%
Liguria
89%
Puglia
89%
Friuli-Venezia Giulia
88%
Sicilia
84%
Calabria
80%
Umbria
77%
Abruzzo
74%
Marche
73%
Nessun quiz corrispondente trovato
Distribuzione punteggi
Percentuale di utenti per punteggio
Percentile per numero di risposta
I tuoi punteggi nel tempo
Non hai fatto questo quiz